Fr. Conceicao Rodrigues College of Engineering

Special functions databook (Record no. 20936)

MARC details
000 -LEADER
fixed length control field 00316nam a2200133Ia 4500
082 ## - DEWEY DECIMAL CLASSIFICATION NUMBER
Classification number 621.38173
Item number NAT
100 ## - MAIN ENTRY--PERSONAL NAME
Personal name Natioanal Semi conductor
245 ## - TITLE STATEMENT
Title Special functions databook
260 ## - PUBLICATION, DISTRIBUTION, ETC.
Name of publisher, distributor, etc. National semiconductor corpn.
Place of publication, distribution, etc. California
546 ## - LANGUAGE NOTE
Language note ENGLISH
654 ## - SUBJECT ADDED ENTRY--FACETED TOPICAL TERMS
Focus term functions
942 ## - ADDED ENTRY ELEMENTS (KOHA)
Koha item type BOOK
Holdings
Withdrawn status Lost status Damaged status Not for loan Collection Home library Current library Date acquired Source of acquisition Cost, normal purchase price Inventory number Total Checkouts Full call number Barcode Date last seen Cost, replacement price Price effective from Koha item type
        CRC Fr. Agnel's C.Rodrigues College of Engineering Fr. Agnel's C.Rodrigues College of Engineering 17/03/2023 Progressive Books 150.00 2238 dt 9.6.92   621.38173 NAT 3617 17/03/2023 150.00 09/06/1992 BOOK